Mladí sovietski výtvarníci

Podrobná bibliografia
Hlavný autor: Fuchs, Juraj (Autor)
Médium: Článok
Jazyk:slovenčina
Predmet:

MARC

LEADER 00000nab a2200000 ar4500
001 vtls009939347
003 SK-MaSNL
005 20260426063011.0
008 090813c1973 xo |r|p|||||||000 b|slo
015 |a SNBRB1973 
038 |a SNKBUCL 
040 |a SNKBUCL  |b slo  |c SNKBUCL  |e AACR2 
041 |a slo 
044 |a xo  |c SK 
080 |a 73/76:061.4  |2 1997 
100 1 |a Fuchs, Juraj  |4 aut  |9 5052 
245 1 0 |a Mladí sovietski výtvarníci  |c Juraj Fuchs 
650 0 7 |a Mladí sovietski výtvarníci (výstava)  |2 snkbucl  |9 1284255 
651 7 |a Bratislava (Slovensko)  |2 snkbucl  |9 14568 
773 0 |t Práca  |g (20.3.1973), s. 6 
852 |a SNK  |b KIS3GCP 
958 |a SK 
999 |c 2551639  |d 2553569